Statistiques concernant Top 20 des pays dans lequel le taux de chômage est le plus élevé

Cliquez ici pour prendre le quiz!

Statistiques générales

  • Ce quiz a été pris 66 fois
  • Le résultat moyen est 4 sur 10

Statistiques - réponses

Taux de chômage en %Pays% Correct
21.8République démocratique du Congo
64%
29.8Afrique du Sud
55%
20Somalie
49%
20.7Botswana
36%
20.7Libye
35%
21.5Gabon
31%
20.8Namibie
31%
24.4Eswatini
25%
27.9Djibouti
24%
25.7Jordanie
7%

Distribution des résultats

Percentile par nombre de réponses

% des personnes avec chaque résultat

Votre développement - résultats

Vous n’avez pas pris ce quiz